| 000 | 01274nam a2200325Ia 4500 | ||
|---|---|---|---|
| 001 | ebr10022984 | ||
| 003 | CaPaEBR | ||
| 006 | m u | ||
| 007 | cr cn||||||||| | ||
| 008 | 010427s2001 nyu sb 001 0 eng d | ||
| 010 | _z 2001032760 | ||
| 020 | _z0312240341 (hardback) | ||
| 020 | _z0312299117 | ||
| 040 |
_aCaPaEBR _cCaPaEBR |
||
| 035 | _a(OCoLC)70769487 | ||
| 050 | 1 | 4 |
_aJV6271 _b.M45 2001eb |
| 082 | 0 | 4 |
_a325/.1/01 _221 |
| 100 | 1 |
_aMeilaender, Peter C., _d1971- |
|
| 245 | 1 | 0 |
_aToward a theory of immigration _h[electronic resource] / _cPeter C. Meilaender. |
| 250 | _a1st ed. | ||
| 260 |
_aNew York : _bPalgrave, _c2001. |
||
| 300 | _ax, 259 p. cm. | ||
| 504 | _aIncludes bibliographical references (p. [245]-254) and index. | ||
| 533 |
_aElectronic reproduction. _bPalo Alto, Calif. : _cebrary, _d2009. _nAvailable via World Wide Web. _nAccess may be limited to ebrary affiliated libraries. |
||
| 650 | 0 |
_aEmigration and immigration _xGovernment policy. |
|
| 650 | 0 |
_aEmigration and immigration _xGovernment policy _xMoral and ethical aspects. |
|
| 655 | 7 |
_aElectronic books. _2local |
|
| 710 | 2 | _aebrary, Inc. | |
| 856 | 4 | 0 |
_uhttp://site.ebrary.com/lib/rucke/Doc?id=10022984 _zAn electronic book accessible through the World Wide Web; click to view |
| 999 |
_c7652 _d7652 |
||